Most Populous Cities in the U.S. - 1870 Census - Statistics

General Stats
  • This quiz has been taken 20 times
  • The average score is 56 of 100
Answer Stats
Answer State Population % Correct
Baltimore MD 267,354
100%
New York City NY 942,292
100%
San Francisco CA 149,473
100%
Albany NY 69,422
92%
Buffalo NY 117,714
92%
Charleston SC 48,956
92%
Chicago IL 298,977
92%
Cincinnati OH 216,239
92%
Cleveland OH 92,829
92%
Detroit MI 79,577
92%
Hartford CT 37,180
92%
Indianapolis IN 48,244
92%
Kansas City MO 32,260
92%
Louisville KY 100,753
92%
Milwaukee WI 71,440
92%
Nashville TN 25,865
92%
Newark NJ 105,059
92%
New Orleans LA 191,418
92%
Philadelphia PA 674,022
92%
Pittsburgh PA 86,076
92%
Providence RI 68,904
92%
Richmond VA 51,038
92%
Rochester NY 62,386
92%
St. Louis MO 310,864
92%
Washington DC 109,199
92%
Atlanta GA 21,789
83%
Boston MA 250,526
83%
Jersey City NJ 82,546
83%
Memphis TN 40,226
83%
New Haven CT 50,840
83%
Trenton NJ 22,874
83%
Brooklyn NY 396,099
75%
Columbus OH 31,274
75%
Mobile AL 32,034
75%
Norfolk VA 19,229
75%
Portland ME 31,413
75%
Savannah GA 28,235
75%
Springfield MA 26,703
75%
Springfield IL 17,364
75%
Syracuse NY 43,051
75%
Augusta GA 15,389
67%
Omaha NE 16,083
67%
Toledo OH 31,584
67%
Worcester MA 41,105
67%
Dayton OH 30,473
58%
Fort Wayne IN 17,718
58%
Grand Rapids MI 16,507
58%
Harrisburg PA 23,104
58%
Lancaster PA 20,233
58%
Manchester NH 23,536
58%
Newport KY 15,087
58%
Sacramento CA 16,283
58%
Salem MA 24,117
58%
Bridgeport CT 18,969
50%
Erie PA 19,646
50%
Scranton PA 35,092
50%
St. Paul MN 20,030
50%
Troy NY 46,465
50%
Utica NY 28,804
50%
Allegheny PA 53,180
42%
Cambridge MA 39,634
42%
Camden NJ 20,045
42%
Davenport IA 20,038
42%
Elizabeth NJ 20,832
42%
Evansville IN 21,830
42%
Lowell MA 40,928
42%
New Bedford MA 21,320
42%
Paterson NJ 33,579
42%
Peoria IL 22,849
42%
Poughkeepsie NY 20,080
42%
Reading PA 33,930
42%
Wilmington DE 30,841
42%
Bangor ME 18,289
33%
Dubuque IA 18,434
33%
Lawrence MA 28,921
33%
Lynn MA 28,233
33%
Quincy IL 24,052
33%
Wheeling WV 19,280
33%
Covington KY 24,505
25%
Fall River MA 26,766
25%
Hoboken NJ 20,297
25%
St. Joseph MO 19,565
25%
Terre Haute IN 16,103
25%
Burlington IA 14,930
17%
Charlestown MA 28,323
17%
Elmira NY 15,863
17%
Leavenworth KS 17,873
17%
North Providence RI 20,495
17%
Oswego NY 20,910
17%
Petersburg VA 18,950
17%
Taunton MA 18,629
17%
Auburn NY 17,225
8%
Gloucester MA 15,389
8%
New Brunswick NJ 15,058
8%
Norwich CT 16,653
8%
Williamsport PA 16,030
8%
Chelsea MA 18,547
0%
Cohoes NY 15,357
0%
New Albany IN 15,396
0%
Newburgh NY 17,014
0%
No matching quizzes found
Score Distribution
Percent of People with Each Score
Percentile by Number Answered
Your Score History
You have not taken this quiz